| 000 | 01060cab a2200325 4500 | ||
|---|---|---|---|
| 001 | ABS52523 | ||
| 008 | 090401t1995 xxu||||| |||| 00| 0 eng d | ||
| 035 | _a(Sirsi) u83244 | ||
| 041 | _aeng | ||
| 100 | _aStein, R. | ||
| 245 | _aContaminated land | ||
| 260 | _c1995 | ||
| 350 | _a0 | ||
| 490 |
_aSolicitors` Journal _v138(11) 24 March 1995, 270-271(2) |
||
| 520 | _aOutlines the main provisions of the Environment Bill affecting government policy on land contamination. Registration, identification, remediation, statements, public information and the common law are areas covered. | ||
| 650 | _aAPPROPRIATE PERSON | ||
| 650 | _aCAVEAT EMPTOR | ||
| 650 | _aCONTAMINATED LAND | ||
| 650 | _aENVIRONMENT BILL | ||
| 650 | _aENVIRONMENTAL INFORMATION | ||
| 650 | _aENVIRONMENTAL PROTECTION ACT 1990 | ||
| 650 | _aREMEDIATION STATEMENTS | ||
| 650 | _aSECTION 143 REGISTERS | ||
| 650 | _aSUITABLE FOR USE | ||
| 690 | _aENVIRONMENTAL AND LAND CONSULTANCY | ||
| 690 | _aLAND | ||
| 700 | _aHumber, S. | ||
| 942 | _n0 | ||
| 948 | _c04/03/1997 | ||
| 999 |
_c52565 _d52565 |
||